| 000 | 00561nam a22001937a 4500 | ||
|---|---|---|---|
| 999 |
_c1616 _d1616 |
||
| 003 | AR-CdUCM | ||
| 008 | 190227b ||||| |||| 00| 0 spa d | ||
| 040 |
_aMUNICIPALIDAD PROVINCIAL DEL CUSCO _cBIBLIOTECA MUNICIPAL DEL CUSCO |
||
| 082 |
_a869.56 / _bM97 |
||
| 100 |
_aMuro, Fanny _96046 |
||
| 245 | _aCanción intransferible / | ||
| 260 |
_aLima : _bCEPIH Ediciones, _c1989. |
||
| 300 |
_a59 páginas ; _c20 cm. |
||
| 650 |
_aLiteratura peruana _9169 |
||
| 650 |
_aPoesía _9139 |
||
| 700 |
_aDextre, Arturo _96047 |
||
| 942 |
_2ddc _cLIBROS |
||
| 945 | _azta | ||